000 01046nmc a2200349 a 4500
003 AR-BaBNM
005 20251128204330.0
008 011101s1987 ||||||||||||||000 | spa||
020 _a950-01-0317-6
040 _cAR-BaBNM
100 1 _aAndersson, Adriana Victoria
245 1 0 _aIdeas y materiales
_banexo
260 _aBuenos Aires
_bEstrada
_c1987
300 0 _a48 p.
_bgráfs.
490 0 _aPara el nivel terciario. Educación inicial
500 0 _aMaterial que complementa al libro de las citadas autoras
650 4 _aMATERIALES DE APOYO
650 4 _aTALLERES ESCOLARES
650 4 _aCREATIVIDAD
650 4 _aJUGUETES
650 4 _aMATERIAL Y EQUIPO DIDACTICOS
650 4 _aRECURSOS EDUCACIONALES
650 4 _aMARIONETAS
650 4 _aPREPARACION DE MATERIAL DIDACTICO
653 0 _aEDUCACION INICIAL
653 0 _aJARDINES DE INFANTES
700 1 _aCapizzano de Capalbo, Beatriz
700 1 _aGonzález Canda, Matilde
800 1 _aCapizzano de Capalbo, Beatriz
_edirector
942 _cBK
998 _cCarmen
999 _c7053
_d7053